000 00869cad a22002415a 4500
001 L157087
008 120829s2011 xxk f 000 0 eng d
020 _a9781842198254
035 _a(Sirsi) u157087
041 0 _aeng
100 1 _aDale, Peter
_cProfessor
245 0 0 _aLand markets
_h[electronic resource]
250 _a3rd ed.
260 _aLondon
_bRICS
_c2011
490 0 _aRICS Research
520 _aLooks at the reasons why buying and selling rights in land are important, and suggests ways in which the efficiency and effectiveness of land markets can be improved.
651 4 _aUnited Kingdom
_y
690 _aCommercial property
_96227
700 1 _aMahoney, Robert
700 1 _aMcLaren, Robin
856 4 0 _uhttps://www.rics.org/Global/Downloads/Land_Markets_081211_dwl_aj.pdf
_zView the main report free of charge at www.rics.org
942 _n0
999 _c114585
_d114585